Principles of groundwater engineering / (Record no. 329260)

000 -LEADER
fixed length control field 01042cam a2200289 a 4500
001 - CONTROL NUMBER
control field 1056163
003 - CONTROL NUMBER IDENTIFIER
control field Nust
005 - DATE AND TIME OF LATEST TRANSACTION
control field 20170502115240.0
008 - FIXED-LENGTH DATA ELEMENTS--GENERAL INFORMATION
fixed length control field 910108s1991 miua b 001 0 eng
010 ## - LIBRARY OF CONGRESS CONTROL NUMBER
LC control number 90090765
020 ## - INTERNATIONAL STANDARD BOOK NUMBER
International Standard Book Number 0873712838
040 ## - CATALOGING SOURCE
Original cataloging agency DLC
Transcribing agency DLC
Modifying agency DLC
050 00 - LIBRARY OF CONGRESS CALL NUMBER
Classification number TD403
Item number .W35 1991
082 00 - DEWEY DECIMAL CLASSIFICATION NUMBER
Classification number 462.18643 WAL
Edition number 20
100 1# - MAIN ENTRY--PERSONAL NAME
Personal name Walton, William Clarence.
245 10 - TITLE STATEMENT
Title Principles of groundwater engineering /
Statement of responsibility, etc. William C. Walton.
260 ## - PUBLICATION, DISTRIBUTION, ETC.
Place of publication, distribution, etc. Chelsea, Mich. :
Name of publisher, distributor, etc. Lewis Publishers,
Date of publication, distribution, etc. c1991.
300 ## - PHYSICAL DESCRIPTION
Extent xx, 546 p. :
Other physical details ill. ;
Dimensions 24 cm.
500 ## - GENERAL NOTE
General note H.B
504 ## - BIBLIOGRAPHY, ETC. NOTE
Bibliography, etc. note Includes bibliographical references (p. [377]-407) and index.
650 #0 - SUBJECT ADDED ENTRY--TOPICAL TERM
Topical term or geographic name entry element Groundwater
General subdivision Management.
650 #0 - SUBJECT ADDED ENTRY--TOPICAL TERM
Topical term or geographic name entry element Groundwater flow.
650 #0 - SUBJECT ADDED ENTRY--TOPICAL TERM
Topical term or geographic name entry element Groundwater.
856 42 - ELECTRONIC LOCATION AND ACCESS
Materials specified Publisher description
Uniform Resource Identifier <a href="http://www.loc.gov/catdir/enhancements/fy0744/90090765-d.html">http://www.loc.gov/catdir/enhancements/fy0744/90090765-d.html</a>
906 ## - LOCAL DATA ELEMENT F, LDF (RLIN)
a 7
b cbc
c orignew
d 2
e opcn
f 19
g y-gencatlg
942 ## - ADDED ENTRY ELEMENTS (KOHA)
Source of classification or shelving scheme
Koha item type Book
Call number prefix 462.18643 WAL
Holdings
Withdrawn status Lost status Source of classification or shelving scheme Damaged status Not for loan Collection code Permanent Location Current Location Shelving location Date acquired Total Checkouts Full call number Barcode Date last seen Price effective from Koha item type
            Institute of Environmental Science and Engineering (IESE) Institute of Environmental Science and Engineering (IESE) General Stacks 05/02/2017   462.18643 WAL IESE-49 05/02/2017 05/02/2017 Book
© 2023 Central Library, National University of Sciences and Technology. All Rights Reserved.